000 00448nam a2200169Ia 4500
008 230917s9999||||xx |||||||||||||| ||und||
020 _cRS195
040 _e228500
_aMAIN
041 _aEnglish
082 _a338.4791 M426F
100 _aMathur, Arpita
245 0 _aFundamentals of travel and tourism
260 _aNew Delhi
_bAne Books
_c2011
300 _ax, 296 p.
500 _a2126 24/09/2015 FP15/7465 25/09/2015 IHTM (SFS)
942 _cBK
999 _c16136
_d16136